[Event "Tournoi francophone 010 Groupe D"]
[Site "Skype"]
[Date "????.??.??"]
[Round "5.1"]
[White "Scata, Laura"]
[Black "Hargez, Dany"]
[Result "1-0"]
[WhiteElo "1320"]
[BlackElo "1189"]
[PlyCount "101"]

1. d4 f5 2. Bf4 Nf6 3. e3 e6 4. Bd3 Bd6 5. Bg3 O-O 6. Nd2 b6 7. Ngf3 Bb7 8. Qe2
Bxf3 9. Qxf3 Nc6 10. O-O-O a5 11. h4 Nb4 12. Bc4 Qe7 13. Bxd6 Qxd6 14. a3 c6
15. Qxf5 Kh8 16. Qh3 Nbd5 17. Bb3 b5 18. Ba2 b4 19. a4 Nb6 20. Bb3 c5 21. Nc4
Nxc4 22. Bxc4 cxd4 23. Rxd4 Nd5 24. e4 Qc5 25. Rhd1 Rxf2 26. exd5 e5 27. Qg3
Rf4 28. Rxf4 exf4 29. Qxf4 Rf8 30. Qe4 d6 31. Rf1 Qc8 32. Qe7 Rxf1+ 33. Bxf1 b3
34. Bd3 bxc2 35. Bxc2 Qb8 36. Qe4 g6 37. Qe1 Qf8 38. Qxa5 Qf1+ 39. Bd1 Qxg2 40.
Qd8+ Kg7 41. Qxd6 Qg3 42. h5 gxh5 43. Bxh5 Qe3+ 44. Kc2 Qe4+ 45. Kb3 Qe3+ 46.
Ka2 Qh6 47. Qe7+ Kg8 48. Qf7+ Kh8 49. a5 Qg7 50. Qxg7+ Kxg7 51. a6 1-0

[Event "Tournoi francophone 010 Groupe D"]
[Site "Skype"]
[Date "????.??.??"]
[Round "5.2"]
[White "Pilon, Sabrina"]
[Black "Maccaferri, Massimo"]
[Result "1-0"]
[WhiteElo "1149"]
[BlackElo "1215"]
[PlyCount "135"]

1. e4 e5 2. Nf3 Nc6 3. d4 d5 4. dxe5 dxe4 5. Qxd8+ Nxd8 6. Nd4 Bc5 7. Be3 Bb6
8. Nc3 Ba5 9. Bd2 c5 10. Nb3 Bxc3 11. Bxc3 Bf5 12. O-O-O Nc6 13. Nxc5 b6 14.
Bb5 Nge7 15. Rd6 Bd7 16. Nxd7 Rc8 17. e6 fxe6 18. Bxg7 Rg8 19. Nf6+ Kf7 20.
Nxg8 Kxg8 21. Bh6 Nb4 22. c3 Nf5 23. Rxe6 Kf7 24. Rxe4 Nd3+ 25. Kc2 Nxf2 26.
Rhe1 Nxe4 27. Rxe4 Nxh6 28. Bc4+ Kf6 29. Re6+ Kg5 30. Bd3 Ng4 31. h3 Nf2 32.
Bxh7 b5 33. Rg6+ Kh4 34. Rf6 Rh8 35. Rf7 Kg3 36. Rxa7 Kxg2 37. h4 Kg3 38. h5
Kg4 39. h6 Kg5 40. Bg8 Kxh6 41. Bd5 Rc8 42. a4 b4 43. a5 Rd8 44. c4 Rc8 45. a6
Rb8 46. Rb7 Re8 47. a7 Re2+ 48. Kb3 Re3+ 49. Kxb4 Nd3+ 50. Ka5 Nc5 51. Rb5 Nb3+
52. Ka4 Nc5+ 53. Rxc5 Re8 54. a8=Q Rxa8+ 55. Bxa8 Kg7 56. b4 Kf7 57. b5 Ke7 58.
b6 Kd6 59. Rc6+ Kd7 60. b7 Kxc6 61. b8=Q+ Kc5 62. Kb3 Kd4 63. Qd6+ Ke3 64. Kc3
Ke2 65. Qd2+ Kf1 66. Bg2+ Kg1 67. Bh3 Kh1 68. Qg2# 1-0

[Event "Tournoi francophone 010 Groupe D"]
[Site "Skype"]
[Date "????.??.??"]
[Round "5.3"]
[White "Bacha, Mehdi"]
[Black "Mimouni, Driss"]
[Result "0-1"]
[WhiteElo "1174"]
[BlackElo "1139"]
[PlyCount "56"]

1. g4 d5 2. Bg2 Bxg4 3. c4 dxc4 4. Bxb7 Nd7 5. Bxa8 Qxa8 6. h3 Qxh1 7. d3 Qxg1+
8. Kd2 c3+ 9. bxc3 Qxd1+ 10. Kxd1 Bxh3 11. Be3 a5 12. Na3 e5 13. Nb5 Bd6 14.
Nxc7+ Bxc7 15. d4 Bb6 16. Rb1 Ngf6 17. f3 O-O 18. Ke1 e4 19. Bg5 Nd5 20. Bd2
exf3 21. exf3 Re8+ 22. Kf2 Bf5 23. Rg1 Bg6 24. Rd1 Bd3 25. Re1 Re6 26. Rxe6
fxe6 27. f4 N7f6 28. Kg3 Ne4+ 0-1

[Event "Tournoi francophone 010 Groupe D"]
[Site "Skype"]
[Date "????.??.??"]
[Round "5.4"]
[White "Lecluyse, Koenraad"]
[Black "Dib, Catherine"]
[Result "1-0"]
[WhiteElo "1173"]
[BlackElo "1048"]
[PlyCount "65"]

1. d4 Nf6 2. Nf3 d5 3. Bf4 e6 4. e3 Be7 5. Bd3 O-O 6. O-O Nbd7 7. Re1 b6 8.
Nbd2 Bb7 9. e4 c6 10. Ne5 Nxe5 11. Bxe5 Re8 12. Bxf6 Bxf6 13. e5 Be7 14. Qg4 g6
15. f4 c5 16. c3 Rc8 17. Bb5 Bc6 18. Bxc6 Rxc6 19. Nf3 f6 20. h4 Kh8 21. h5 g5
22. fxg5 Rg8 23. g6 h6 24. a3 a5 25. b4 cxb4 26. cxb4 axb4 27. axb4 Bxb4 28.
Ra7 Rc7 29. Rxc7 Qxc7 30. Qxe6 Qd8 31. exf6 Bxe1 32. Qf7 Rg7 33. Qxg7# 1-0

[Event "Tournoi francophone 010 Groupe D"]
[Site "Skype"]
[Date "????.??.??"]
[Round "5.5"]
[White "Porcabeuf, Jean-Marc"]
[Black "Massez, Konrad"]
[Result "1-0"]
[WhiteElo "1129"]
[BlackElo "1141"]
[PlyCount "63"]

1. e4 d5 2. exd5 Qxd5 3. Nc3 Qa5 4. Nf3 Nf6 5. Be2 Nc6 6. O-O Bg4 7. a3 Bh5 8.
b4 Nxb4 9. Bb2 O-O-O 10. axb4 Qxb4 11. Rxa7 Qxb2 12. Ra8+ Kd7 13. Ne5+ Ke8 14.
Rxd8+ Kxd8 15. Bxh5 Nxh5 16. Qxh5 g6 17. Qf3 f6 18. Nf7+ Ke8 19. Nxh8 Bg7 20.
Rb1 Qxc2 21. Re1 Bxh8 22. Qe3 e5 23. Nb5 Qb2 24. Nxc7+ Kf7 25. Qe4 b5 26. Qd5+
Kg7 27. Qe4 b4 28. Ne8+ Kf7 29. Nc7 Bg7 30. Qd5+ Kf8 31. Qd8+ Kf7 32. Qe8# 1-0

[Event "Tournoi francophone 010 Groupe D"]
[Site "Skype"]
[Date "????.??.??"]
[Round "5.6"]
[White "Le Bouill, Pierre"]
[Black "Canova, Felix"]
[Result "1-0"]
[WhiteElo "1182"]
[BlackElo "1000"]
[PlyCount "97"]

1. Nf3 d6 2. d4 d5 3. g3 Nf6 4. Nc3 e6 5. Bg2 Ne4 6. Nxe4 dxe4 7. Ne5 Bb4+ 8.
c3 Ba5 9. Qa4+ Nc6 10. Nxc6 bxc6 11. Qxa5 Qd5 12. Qc5 Qxc5 13. dxc5 a5 14. Bxe4
Ra6 15. b3 f5 16. Bg2 g6 17. Ba3 h5 18. Bb2 h4 19. c4 Rh7 20. gxh4 Rxh4 21. Bf6
Rg4 22. Rg1 f4 23. f3 Rxg2 24. Rxg2 Kf7 25. Bc3 e5 26. Bxe5 Bh3 27. Rg1 g5 28.
Bxc7 Ra7 29. Be5 Re7 30. Rxg5 Kf8 31. Bd6 Kf7 32. Bxe7 Kxe7 33. Rd1 Kf6 34. Rh5
Bf5 35. Rd6+ Ke5 36. h4 a4 37. Rxc6 axb3 38. axb3 Kd4 39. Rxf5 Ke3 40. Re6+ Kd4
41. Rd5+ Kc3 42. Re4 Kxb3 43. c6 Kc3 44. c7 Kc2 45. c8=Q Kc1 46. Qa6 Kc2 47.
Qa4+ Kb2 48. Rd2+ Kc3 49. Qa3# 1-0

[Event "Tournoi francophone 010 Groupe D"]
[Site "Skype"]
[Date "????.??.??"]
[Round "5.7"]
[White "Vervoort, Jean-Louis"]
[Black "Morin, Claude"]
[Result "1-0"]
[WhiteElo "1192"]
[BlackElo "1047"]
[PlyCount "93"]

1. e4 e5 2. Nf3 d6 3. Bc4 Nf6 4. d3 Be7 5. Ng5 d5 6. Bb3 O-O 7. c3 c6 8. O-O
Nbd7 9. Re1 Nh5 10. Qxh5 Bxg5 11. Bxg5 Nf6 12. Bxf6 Qxf6 13. Qd1 Qg6 14. Re3
Bg4 15. Qd2 Rad8 16. h3 Bc8 17. Rg3 Bg4 18. hxg4 dxe4 19. Na3 Rd7 20. d4 Rfd8
21. Nc2 c5 22. d5 Rxd5 23. Bxd5 e3 24. fxe3 e4 25. Bxf7+ Qxf7 26. Qxd8+ Qf8 27.
Rd1 Qxd8 28. Rxd8+ Kf7 29. Rd7+ Ke8 30. Rxb7 a6 31. Rc7 c4 32. Rxc4 Kd8 33.
Rxe4 Kd7 34. Rf3 h6 35. Rf7+ Kd6 36. Rd4+ Kc5 37. Rf5+ Kc6 38. Nb4+ Kb6 39.
Rd6+ Kc7 40. Rc6+ Kd7 41. Rd5+ Ke7 42. Rc7+ Kf6 43. Rc6+ Kf7 44. Rd7+ Kg8 45.
e4 a5 46. Nd5 Kf8 47. Rc8# 1-0

[Event "Tournoi francophone 010 Groupe D"]
[Site "Skype"]
[Date "????.??.??"]
[Round "5.8"]
[White "Schnell, Nicolas"]
[Black "Gagnon, Sindy"]
[Result "0-1"]
[WhiteElo "1000"]
[BlackElo "1000"]
[PlyCount "80"]

1. e4 e5 2. g4 d6 3. Bc4 Be6 4. Bb5+ c6 5. Bf1 d5 6. Bg2 Nf6 7. d3 Bxg4 8. Nf3
Bh5 9. Bh3 Be7 10. Nc3 Bg6 11. Nxe5 Bh5 12. f3 O-O 13. Rg1 g6 14. Bf5 Re8 15.
Qd2 Bd6 16. Nxg6 hxg6 17. Qg5 Bxh2 18. Rg2 Qc7 19. Qxf6 Be5 20. Qh4 Kh7 21.
Bxg6+ fxg6 22. Rxg6 Kxg6 23. Bg5 Bg3+ 24. Ke2 Bxh4 25. Bxh4 Qh2+ 26. Ke3 Qxh4
27. f4 d4+ 28. Kxd4 Qxf4 29. Rg1+ Bg4 30. Ne2 Qf2+ 31. Kc4 Qxe2 32. Kc3 a5 33.
b4 axb4+ 34. Kxb4 Qxc2 35. Rxg4+ Kh5 36. Rg7 Re5 37. Rh7+ Kg6 38. Rd7 Nxd7 39.
d4 Rxe4 40. a3 Rxd4# 0-1

[Event "Tournoi francophone 010 Groupe D"]
[Site "Skype"]
[Date "????.??.??"]
[Round "6.1"]
[White "Maccaferri, Massimo"]
[Black "Scata, Laura"]
[Result "1-0"]
[WhiteElo "1215"]
[BlackElo "1320"]
[PlyCount "85"]

1. e4 c6 2. Nf3 d5 3. e5 Bf5 4. d4 e6 5. c4 Nd7 6. b3 Bb4+ 7. Bd2 Qa5 8. h4
Bxb1 9. Qxb1 Bxd2+ 10. Nxd2 Qc3 11. cxd5 cxd5 12. Rh3 Qxd4 13. Nf3 Qc3+ 14. Kd1
Ne7 15. Bd3 g6 16. h5 Nxe5 17. Nxe5 Qxe5 18. hxg6 hxg6 19. Rxh8+ Qxh8 20. Bb5+
Nc6 21. a4 Qh1+ 22. Ke2 Qxb1 23. Rxb1 a6 24. Rh1 Ke7 25. Bd3 Nd4+ 26. Ke3 Nxb3
27. Rb1 Nc5 28. Kd4 Kd6 29. Rb6+ Kd7 30. Kxc5 Rc8+ 31. Kd4 Kc7 32. a5 Re8 33.
Ke5 Rh8 34. Kf6 Rh2 35. Kxf7 Rxg2 36. Kxe6 Rxf2 37. Kxd5 Rf5+ 38. Bxf5 gxf5 39.
Rf6 b6 40. Rf7+ Kb8 41. axb6 a5 42. Kc6 a4 43. Rf8# 1-0

[Event "Tournoi francophone 010 Groupe D"]
[Site "Skype"]
[Date "????.??.??"]
[Round "6.2"]
[White "Hargez, Dany"]
[Black "Pilon, Sabrina"]
[Result "1-0"]
[WhiteElo "1189"]
[BlackElo "1149"]
[PlyCount "97"]

1. e4 c5 2. Nf3 d6 3. d4 cxd4 4. Nxd4 Nf6 5. Bd3 g6 6. O-O Bg7 7. Nf3 O-O 8.
Bg5 Bd7 9. h3 Qb6 10. Qc1 Nc6 11. Nc3 Qc5 12. Bh6 Rfc8 13. Bxg7 Kxg7 14. Nd5
Nxd5 15. exd5 Nb4 16. Rd1 a5 17. a4 Qxd5 18. Bxg6 Qc4 19. Nd2 Na2 20. Nxc4 Nxc1
21. Bd3 Nxd3 22. cxd3 Rc7 23. Nb6 Rb8 24. Re1 Bf5 25. d4 Rc6 26. Nd5 Rc4 27.
Nxe7 Bc2 28. Nd5 Rxd4 29. Ne3 Bxa4 30. Nf5+ Kf6 31. Nxd4 b5 32. Re4 Kg5 33.
Rg4+ Kh5 34. Nf3 h6 35. Re1 f5 36. Rh4+ Kg6 37. Re6+ Kf7 38. Rhxh6 Rd8 39.
Ref6+ Kg7 40. Nh4 Bb3 41. Rxd6 Rxd6 42. Rxd6 b4 43. Nf3 a4 44. h4 a3 45. bxa3
bxa3 46. Nd2 Bc2 47. Ra6 f4 48. Rxa3 Kg6 49. Ra5 1-0

[Event "Tournoi francophone 010 Groupe D"]
[Site "Skype"]
[Date "????.??.??"]
[Round "6.3"]
[White "Mimouni, Driss"]
[Black "Le Bouill, Pierre"]
[Result "0-1"]
[WhiteElo "1139"]
[BlackElo "1182"]
[PlyCount "100"]

1. Nf3 d5 2. e3 Nf6 3. Be2 g6 4. O-O Bg7 5. Nc3 O-O 6. Ne5 Nc6 7. d4 Ne4 8.
Nxc6 bxc6 9. Nxe4 dxe4 10. f3 f5 11. Bc4+ e6 12. c3 Rb8 13. b4 Qe7 14. a4 Kh8
15. b5 cxb5 16. Ba3 Qd8 17. Bxf8 Qxf8 18. axb5 Ra8 19. fxe4 Qe7 20. exf5 exf5
21. Bd5 Rb8 22. Rxa7 Rxb5 23. Ra8 Rxd5 24. Rxc8+ Rd8 25. Rxd8+ Qxd8 26. d5 Bxc3
27. e4 fxe4 28. Qc1 Bd4+ 29. Kh1 Be5 30. g3 Kg7 31. h4 Qxd5 32. Kh2 Qa2+ 33.
Kg1 Qa7+ 34. Kg2 Qa2+ 35. Rf2 Qb3 36. Kf1 Qxg3 37. Qd1 Qxh4 38. Qd7+ Kh6 39.
Qe6 e3 40. Ke2 Qxf2+ 41. Kd3 Qd2+ 42. Ke4 Qd4+ 43. Kf3 Qf4+ 44. Ke2 Kg5 45.
Qe7+ Kg4 46. Qe6+ Kh5 47. Qh3+ Kg5 48. Qg2+ Kf5 49. Qh3+ Ke4 50. Qxe3+ Qxe3+
0-1

[Event "Tournoi francophone 010 Groupe D"]
[Site "Skype"]
[Date "????.??.??"]
[Round "6.4"]
[White "Dib, Catherine"]
[Black "Bacha, Mehdi"]
[Result "1/2-1/2"]
[WhiteElo "1048"]
[BlackElo "1174"]
[PlyCount "98"]

1. Nf3 c5 2. c4 g6 3. g3 Bg7 4. Bg2 Nf6 5. Nc3 O-O 6. O-O d6 7. Re1 a6 8. d3
Bd7 9. e4 Bc6 10. b3 Nbd7 11. Bb2 Ng4 12. Qd2 Nge5 13. a3 Nxf3+ 14. Bxf3 Ne5
15. Bg2 Bd7 16. h3 Bxh3 17. Qe2 Bxg2 18. Kxg2 Qd7 19. Rad1 f5 20. Nd5 Rab8 21.
d4 cxd4 22. Bxd4 fxe4 23. Qxe4 Qf5 24. Nxe7+ Kh8 25. Nxf5 Rxf5 26. Qd5 Ng4 27.
Bxg7+ Kxg7 28. Re7+ Kf6 29. Qe6+ Kg5 30. Kh3 h5 31. Qe4 Rbf8 32. Rd3 Nh2 33.
Qh4+ Kh6 34. Kxh2 Rg5 35. f3 b5 36. Rxd6 bxc4 37. bxc4 Rh8 38. Rf6 Rg8 39. g4
a5 40. gxh5 Rxh5 41. Rf4 Rxh4+ 42. Rxh4+ Kg5 43. f4+ Kxh4 44. Re3 Kg4 45. Re4
Rh8+ 46. Kg2 Rc8 47. Kf2 Kf5 48. Ke3 a4 49. Kd4 Rd8+ 1/2-1/2

[Event "Tournoi francophone 010 Groupe D"]
[Site "Skype"]
[Date "????.??.??"]
[Round "6.5"]
[White "Massez, Konrad"]
[Black "Lecluyse, Koenraad"]
[Result "1-0"]
[WhiteElo "1141"]
[BlackElo "1173"]
[PlyCount "43"]

1. e4 e6 2. d4 d5 3. exd5 exd5 4. Bd3 Nc6 5. Ne2 Bd6 6. O-O Nf6 7. Bf4 Bxf4 8.
Nxf4 Nxd4 9. c3 Ne6 10. Re1 O-O 11. Nxe6 Bxe6 12. Nd2 c6 13. Qc2 g6 14. Nf3 Qd6
15. Re2 Rad8 16. Rae1 Ng4 17. h3 Nh6 18. Qd2 Kg7 19. Ng5 Qd7 20. Nxe6+ fxe6 21.
Rxe6 Qf7 22. Re7 1-0

[Event "Tournoi francophone 010 Groupe D"]
[Site "Skype"]
[Date "????.??.??"]
[Round "6.6"]
[White "Morin, Claude"]
[Black "Porcabeuf, Jean-Marc"]
[Result "0-1"]
[WhiteElo "1047"]
[BlackElo "1129"]
[PlyCount "130"]

1. d4 d5 2. c4 c6 3. Nf3 e6 4. e3 Nf6 5. Bd3 Bd6 6. O-O Nbd7 7. Bd2 O-O 8. Re1
Re8 9. Nc3 e5 10. Ng5 h6 11. Nxf7 Kxf7 12. cxd5 cxd5 13. Qf3 Kg8 14. Nxd5 Nxd5
15. Qxd5+ Kh8 16. Qxd6 e4 17. Bc4 Qg5 18. Bf7 Rf8 19. Bg6 Rf6 20. f4 exf3 21.
Qg3 Qxg3 22. hxg3 Rxg6 23. gxf3 Nf6 24. Rac1 Rxg3+ 25. Kf2 Nh5 26. Rh1 Bh3 27.
Rc5 Rg2+ 28. Kf1 Ng3+ 29. Ke1 Nxh1 30. Rh5 Rg1+ 31. Ke2 Bf1+ 32. Kd1 Rf8 33.
Kc2 Rxf3 34. Kb3 Rf2 35. Bc3 Ng3 36. Ra5 a6 37. Rd5 Bg2 38. Rd8+ Kh7 39. Rd7
Nf5 40. d5 Nxe3 41. Bxg7 Bxd5+ 42. Kc3 Rxg7 43. Rd6 Be4 44. Kd4 Bf3 45. Kxe3
Rf1 46. a4 Re7+ 47. Kf4 Bc6+ 48. Kg3 Rf3+ 49. Kg4 Re4+ 50. Kxf3 Re6+ 51. Rxc6
bxc6 52. Kf4 Kg7 53. Kf5 Rf6+ 54. Ke5 h5 55. b4 h4 56. b5 cxb5 57. axb5 axb5
58. Kd4 h3 59. Kc5 h2 60. Kxb5 h1=Q 61. Kc4 Rg6 62. Kd4 Qh4+ 63. Ke3 Rg3+ 64.
Kf2 Qh2+ 65. Ke1 Rg1# 0-1

[Event "Tournoi francophone 010 Groupe D"]
[Site "Skype"]
[Date "????.??.??"]
[Round "6.7"]
[White "Gagnon, Sindy"]
[Black "Vervoort, Jean-Louis"]
[Result "0-1"]
[WhiteElo "1000"]
[BlackElo "1192"]
[PlyCount "56"]

1. e4 e5 2. Nc3 Nf6 3. Nf3 Bb4 4. Nd5 Bc5 5. c3 Ng4 6. h3 Nxf2 7. Qe2 Nxh1 8.
g3 Nxg3 9. Qg2 Nxf1 10. Qxf1 d6 11. d4 Bb6 12. dxe5 dxe5 13. Nxe5 O-O 14. Qg2
Qh4+ 15. Kd1 Re8 16. Bf4 Nc6 17. Kc2 Nxe5 18. Nxb6 axb6 19. Rg1 g6 20. Bxe5
Rxe5 21. Kd3 Bxh3 22. Qf3 Rd8+ 23. Kc2 Rxe4 24. Rg3 Be6 25. Rg1 Rf4 26. Qxb7
Qf2+ 27. Kc1 Qxg1+ 28. Kc2 Rf2# 0-1

[Event "Tournoi francophone 010 Groupe D"]
[Site "Skype"]
[Date "????.??.??"]
[Round "6.8"]
[White "Schnell, Nicolas"]
[Black "Canova, Felix"]
[Result "1-0"]
[WhiteElo "1000"]
[BlackElo "1000"]
[PlyCount "53"]

1. e4 e5 2. Nf3 Be7 3. Nxe5 Nf6 4. Qf3 d6 5. Nd3 Bg4 6. Qf4 d5 7. f3 Qd6 8. e5
Qe6 9. Nc5 Bxc5 10. fxg4 g5 11. Qxg5 h6 12. Qg7 Rf8 13. Bb5+ c6 14. Bd3 h5 15.
gxh5 Nxh5 16. Qg5 Qg6 17. Bxg6 fxg6 18. Qxg6+ Rf7 19. Rf1 Nd7 20. e6 Ke7 21.
Rxf7+ Kd8 22. e7+ Kc7 23. e8=Q Rxe8+ 24. Kf1 Re5 25. Nc3 b5 26. Qg4 Kd6 27.
Qxd7# 1-0

[Event "Tournoi francophone 010 Groupe D"]
[Site "Skype"]
[Date "????.??.??"]
[Round "7.1"]
[White "Maccaferri, Massimo"]
[Black "Hargez, Dany"]
[Result "1-0"]
[WhiteElo "1215"]
[BlackElo "1189"]
[PlyCount "87"]

1. e4 e5 2. Bc4 Nf6 3. d3 Be7 4. Nf3 d5 5. exd5 Bg4 6. h3 Bh5 7. g4 Bg6 8. Ng5
Nxd5 9. Qf3 Bxg5 10. Bxg5 Qxg5 11. Bxd5 O-O 12. Nd2 c6 13. Bc4 Nd7 14. h4 Qe7
15. h5 e4 16. dxe4 Bxe4 17. Nxe4 Qb4+ 18. Qc3 Qe7 19. O-O-O Qxe4 20. f3 Qf4+
21. Kb1 Qc7 22. Bd3 b5 23. g5 Ne5 24. Bxb5 Rac8 25. Ba6 Rfd8 26. Rxd8+ Rxd8 27.
h6 g6 28. f4 Re8 29. fxe5 Rxe5 30. Re1 Rxe1+ 31. Qxe1 Kf8 32. Qb4+ Qe7 33. Qc3
f6 34. gxf6 Qf7 35. Bc4 Qb7 36. b4 c5 37. a3 a5 38. f7 Qh1+ 39. Kb2 Qxh6 40.
Qe5 Qg7 41. Qxg7+ Kxg7 42. bxc5 g5 43. c6 g4 44. c7 1-0

[Event "Tournoi francophone 010 Groupe D"]
[Site "Skype"]
[Date "????.??.??"]
[Round "7.2"]
[White "Lecluyse, Koenraad"]
[Black "Scata, Laura"]
[Result "0-1"]
[WhiteElo "1173"]
[BlackElo "1320"]
[PlyCount "108"]

1. d4 c6 2. e4 d5 3. e5 Bf5 4. Bd3 Bg6 5. f4 f5 6. Nf3 e6 7. c3 Nd7 8. Qb3 Qc7
9. Nbd2 c5 10. Bb5 a6 11. Bxd7+ Qxd7 12. dxc5 Bxc5 13. Nd4 Bf7 14. Nf1 Ne7 15.
Qd1 Rc8 16. Be3 Ng6 17. g3 h5 18. Nd2 Qe7 19. Rf1 h4 20. g4 h3 21. Qf3 Qh4+ 22.
Bf2 Qxg4 23. O-O-O Qxf3 24. N2xf3 Nxf4 25. Be3 Ng2 26. Bf2 Ke7 27. Rg1 Bh5 28.
Rxg2 hxg2 29. Rd3 Bxf3 30. Rxf3 Rxh2 31. Rg3 Rh1+ 32. Kd2 Rh2 33. Rxg7+ Ke8 34.
Rg8+ Kd7 35. Rg7+ Be7 36. Nf3 g1=Q 37. Rxg1 Rxf2+ 38. Ke3 Bc5+ 39. Kf4 Rxf3+
40. Kxf3 Bxg1 41. Kg2 Rg8+ 42. Kf3 Bh2 43. Ke2 f4 44. Kf3 Rg1 45. b4 Ra1 46. a4
Rxa4 47. Kg2 Ra2+ 48. Kf3 Ra1 49. Kg2 Bg3 50. Kf3 Kc6 51. Kg2 Kb5 52. Kf3 Kc4
53. Kg2 Kxc3 54. Kf3 d4 0-1

[Event "Tournoi francophone 010 Groupe D"]
[Site "Skype"]
[Date "????.??.??"]
[Round "7.3"]
[White "Porcabeuf, Jean-Marc"]
[Black "Pilon, Sabrina"]
[Result "0-1"]
[WhiteElo "1129"]
[BlackElo "1149"]
[PlyCount "56"]

1. e4 c5 2. Nf3 d6 3. d4 cxd4 4. Nxd4 Nf6 5. Nc3 g6 6. h3 Bg7 7. Nf3 O-O 8. Bd3
Nc6 9. O-O Bd7 10. Bf4 Qa5 11. Qd2 Rfc8 12. a3 a6 13. Rfb1 Na7 14. b4 Qc7 15.
Nd5 Nxd5 16. exd5 Bxa1 17. Rxa1 Ba4 18. Nd4 e5 19. Ne6 fxe6 20. Bh6 Bxc2 21.
Qg5 Qf7 22. dxe6 Qxe6 23. Rc1 Bxd3 24. Rxc8+ Rxc8 25. h4 Rc2 26. Qg3 e4 27. Qf4
Qf7 28. Qxd6 Qxf2+ 0-1

[Event "Tournoi francophone 010 Groupe D"]
[Site "Skype"]
[Date "????.??.??"]
[Round "7.4"]
[White "Le Bouill, Pierre"]
[Black "Massez, Konrad"]
[Result "1-0"]
[WhiteElo "1182"]
[BlackElo "1141"]
[PlyCount "93"]

1. e4 d5 2. exd5 Qxd5 3. Nc3 Qa5 4. h3 Nc6 5. Nf3 Nf6 6. d4 Bf5 7. Bd2 O-O-O 8.
Ng5 Nxd4 9. Nce4 Nxc2+ 10. Qxc2 Qd5 11. f3 h6 12. g4 hxg5 13. gxf5 Qxf5 14.
O-O-O Qxf3 15. Bd3 Nxe4 16. Bxe4 Qg3 17. Rhg1 Qxh3 18. Bxg5 Rxd1+ 19. Rxd1 e5
20. Qd2 Bd6 21. Rh1 Qxh1+ 22. Bxh1 Rxh1+ 23. Kc2 f6 24. Qg2 Rh8 25. Be3 f5 26.
Qxg7 Rh2+ 27. Kd3 f4 28. Bxf4 exf4 29. Qg4+ Kd8 30. Qg5+ Kc8 31. Qf5+ Kd8 32.
Qf6+ Kc8 33. Qe6+ Kd8 34. Kc3 f3 35. Qf6+ Be7 36. Qxf3 Kc8 37. Qf5+ Kd8 38.
Qd5+ Kc8 39. Qe6+ Kd8 40. Qg8+ Kd7 41. Qg4+ Kd8 42. Qg8+ Kd7 43. Qd5+ Bd6 44.
Qf5+ Kd8 45. Qf6+ Kd7 46. Qf7+ Kc8 47. Qe8# 1-0

[Event "Tournoi francophone 010 Groupe D"]
[Site "Skype"]
[Date "????.??.??"]
[Round "7.5"]
[White "Vervoort, Jean-Louis"]
[Black "Bacha, Mehdi"]
[Result "1-0"]
[WhiteElo "1192"]
[BlackElo "1174"]
[PlyCount "83"]

1. d4 d5 2. c4 e6 3. Nc3 Nf6 4. Bg5 Be7 5. Bxf6 Bxf6 6. e3 O-O 7. Nf3 c6 8. Bd3
g6 9. O-O Nd7 10. cxd5 cxd5 11. h3 Qe7 12. a3 Rd8 13. Rc1 a6 14. Qb3 b5 15. Rc2
Bb7 16. Rfc1 Bc6 17. Ne2 Bb7 18. Rc7 Rab8 19. R1c3 Rdc8 20. Rxc8+ Rxc8 21.
Rxc8+ Bxc8 22. Qc2 Qd8 23. Nh2 Kg7 24. Ng4 Bb7 25. Nf4 h5 26. Nxf6 Nxf6 27. h4
Qe7 28. g3 Ng4 29. Bxg6 fxg6 30. Qxg6+ Kf8 31. Qxh5 Nf6 32. Qh6+ Kf7 33. Qg5 a5
34. Ng6 Qc7 35. Nh8+ Ke7 36. Qg7+ Kd6 37. Qxf6 Qc1+ 38. Kg2 Qxb2 39. Nf7+ Kc6
40. Qxe6+ Kc7 41. Qd6+ Kc8 42. Qd8# 1-0

[Event "Tournoi francophone 010 Groupe D"]
[Site "Skype"]
[Date "????.??.??"]
[Round "7.6"]
[White "Mimouni, Driss"]
[Black "Schnell, Nicolas"]
[Result "1-0"]
[WhiteElo "1139"]
[BlackElo "1000"]
[PlyCount "65"]

1. Nf3 Nc6 2. d4 e6 3. Bg5 Be7 4. h4 f6 5. Be3 d5 6. Nc3 e5 7. dxe5 Bb4 8. Bd2
Qe7 9. a3 Bc5 10. Nxd5 Qf7 11. e4 Qg6 12. g3 Qxe4+ 13. Be2 Qxd5 14. O-O fxe5
15. c4 Qe4 16. b4 Bd6 17. Ng5 Qf5 18. b5 Nd4 19. Bh5+ g6 20. Qb1 Nf3+ 21. Bxf3
e4 22. Bxe4 Qh3 23. Nxh3 Bxh3 24. Re1 Nf6 25. Bxb7+ Kd7 26. Bxa8 Ng4 27. Bc6+
Kd8 28. Bg5+ Kc8 29. Re8+ Rxe8 30. Bxe8 Bc5 31. Ra2 Ne5 32. Qe4 Bd6 33. Qa8#
1-0

[Event "Tournoi francophone 010 Groupe D"]
[Site "Skype"]
[Date "????.??.??"]
[Round "7.7"]
[White "Dib, Catherine"]
[Black "Gagnon, Sindy"]
[Result "1-0"]
[WhiteElo "1048"]
[BlackElo "1000"]
[PlyCount "59"]

1. Nf3 e5 2. Nxe5 d6 3. Nf3 c6 4. c4 d5 5. cxd5 cxd5 6. g3 Bd6 7. Bg2 Nf6 8.
Nc3 O-O 9. O-O b6 10. d4 Ba6 11. Re1 Nc6 12. e3 Rc8 13. a3 h6 14. b3 Ng4 15.
Bb2 Re8 16. Qc2 Nf6 17. Nd2 Ne7 18. e4 dxe4 19. Ncxe4 Nf5 20. Qb1 Nxd4 21. Bxd4
g6 22. Nxf6+ Kg7 23. Nxe8+ Kf8 24. Qb2 Be7 25. Re2 Kxe8 26. Re3 h5 27. Rae1 Kd7
28. Bf6 Qc7 29. Rxe7+ Kd6 30. Qd4# 1-0

[Event "Tournoi francophone 010 Groupe D"]
[Site "Skype"]
[Date "????.??.??"]
[Round "7.8"]
[White "Canova, Felix"]
[Black "Morin, Claude"]
[Result "0-1"]
[WhiteElo "1000"]
[BlackElo "1047"]
[PlyCount "122"]

1. e4 e5 2. Nf3 Nc6 3. Bb5 a6 4. Ba4 Nf6 5. d3 Be7 6. O-O O-O 7. Bg5 b5 8. Bb3
d6 9. Nc3 b4 10. Nd5 Nxd5 11. exd5 Na5 12. Ba4 h6 13. Bh4 Nb7 14. Qd2 Nc5 15.
Bc6 Rb8 16. a4 Rb6 17. Ba8 Bd7 18. a5 Rb8 19. Bc6 Bxc6 20. dxc6 Ne6 21. Qc1 Nf4
22. b3 Ne2+ 23. Kh1 Nxc1 24. Raxc1 d5 25. Rcd1 g5 26. Bg3 f6 27. Kg1 Qd6 28.
Rde1 Qxc6 29. c4 bxc3 30. Rc1 Rxb3 31. Ne1 Bd6 32. d4 exd4 33. Bxd6 cxd6 34.
Nd3 Ra3 35. Nb4 Qc4 36. Nc2 Rxa5 37. Ne1 Qc8 38. Nf3 Rb5 39. Rfd1 c2 40. Ra1
cxd1=Q+ 41. Rxd1 g4 42. Nxd4 Rc5 43. Re1 Rc1 44. h3 Rxe1+ 45. Kh2 gxh3 46. Nf3
Ra1 47. gxh3 Ra3 48. Kg2 Qf5 49. Nh4 Qf4 50. Ng6 Qg5+ 51. Kh2 Qxg6 52. h4 Qh5
53. f4 Ra2+ 54. Kg3 Ra3+ 55. Kf2 Qf3+ 56. Ke1 Re8+ 57. Kd2 d4 58. Kc2 d3+ 59.
Kb2 d2 60. Kc2 d1=Q+ 61. Kb2 Qfb3# 0-1

[Event "Tournoi francophone 010 Groupe D"]
[Site "Skype"]
[Date "????.??.??"]
[Round "8.1"]
[White "Scata, Laura"]
[Black "Massez, Konrad"]
[Result "1-0"]
[WhiteElo "1320"]
[BlackElo "1141"]
[PlyCount "83"]

1. d4 e5 2. c3 exd4 3. cxd4 d5 4. Bf4 Nf6 5. e3 Be7 6. Bd3 c6 7. Nd2 O-O 8.
Ngf3 Bg4 9. h3 Bh5 10. g4 Bg6 11. Qc2 Bxd3 12. Qxd3 Bb4 13. a3 Bxd2+ 14. Qxd2
Nbd7 15. Qb4 Qb6 16. Qxb6 Nxb6 17. Ne5 Rfe8 18. b3 Rad8 19. f3 Re7 20. Kf2 c5
21. dxc5 Nbd7 22. Nxd7 Rexd7 23. Rhd1 Rc8 24. b4 h6 25. Rd4 b6 26. Rc1 bxc5 27.
Rxc5 Rxc5 28. bxc5 Kf8 29. c6 Rd8 30. c7 Rc8 31. e4 Ne8 32. exd5 Nxc7 33. Rc4
g5 34. Bxc7 Ke8 35. d6 Kd7 36. Ra4 Ra8 37. Ra6 Ke8 38. Ke3 Kd7 39. Kd4 Ke6 40.
Kc5 Kd7 41. Ba5 Re8 42. Rxa7+ 1-0

[Event "Tournoi francophone 010 Groupe D"]
[Site "Skype"]
[Date "????.??.??"]
[Round "8.2"]
[White "Hargez, Dany"]
[Black "Mimouni, Driss"]
[Result "1-0"]
[WhiteElo "1189"]
[BlackElo "1139"]
[PlyCount "119"]

1. e4 Nc6 2. d4 d6 3. Bb5 Bd7 4. Bxc6 Bxc6 5. d5 Bd7 6. Nf3 Nf6 7. Qd3 e6 8.
Bg5 Be7 9. Nc3 O-O 10. Bxf6 Bxf6 11. O-O a6 12. a4 b5 13. axb5 Bxb5 14. Nxb5
axb5 15. Rxa8 Qxa8 16. Qxb5 Rb8 17. Qc4 Rxb2 18. dxe6 Qf8 19. Qxc7 fxe6 20. Qc4
Rb8 21. Qxe6+ Qf7 22. Qxd6 Re8 23. Qd3 h6 24. Re1 Kh7 25. e5+ Qg6 26. Qxg6+
Kxg6 27. c4 Bd8 28. e6 h5 29. Ne5+ Kf6 30. Nd7+ Ke7 31. c5 Ba5 32. Re5 Ra8 33.
f4 Bc3 34. Re2 Bd4+ 35. Kf1 Ra1+ 36. Re1 Ra2 37. g3 Rf2+ 38. Kg1 Re2+ 39. Kf1
Rxh2 40. Re2 Rh1+ 41. Kg2 Rg1+ 42. Kf3 Rf1+ 43. Ke4 Bf2 44. c6 Bxg3 45. c7
Rxf4+ 46. Kd5 Rf5+ 47. Ne5 Rf8 48. Nc6+ Kf6 49. Re3 Bxc7 50. Rf3+ Kg6 51. Rxf8
h4 52. e7 Kg5 53. e8=Q h3 54. Qe7+ Kg4 55. Qxc7 h2 56. Qxh2 g5 57. Rh8 Kf5 58.
Qf2+ Kg6 59. Ne5+ Kg7 60. Qf8# 1-0

[Event "Tournoi francophone 010 Groupe D"]
[Site "Skype"]
[Date "????.??.??"]
[Round "8.3"]
[White "Porcabeuf, Jean-Marc"]
[Black "Maccaferri, Massimo"]
[Result "1-0"]
[WhiteElo "1129"]
[BlackElo "1215"]
[PlyCount "27"]

1. e4 e5 2. Nf3 Nc6 3. d4 exd4 4. Nxd4 Bc5 5. Be3 Qe7 6. Nf5 Qe5 7. Bxc5 Qxe4+
8. Qe2 Qxe2+ 9. Bxe2 d6 10. Ng3 dxc5 11. O-O Nd4 12. Re1 Nxc2 13. Bb5+ Kd8 14.
Re8# 1-0